Modelado del aerogenerador con máquina de inducción doblemente alimentada y su comportamiento dinámico en redes de distribución
Gorde:
| Egile nagusia: | |
|---|---|
| Beste egile batzuk: | , |
| Formatua: | Liburua |
| Hizkuntza: | Spanish |
| Argitaratua: |
[San José, Costa Rica]
2014
|
| Gaiak: | |
| Etiketak: |
Etiketa erantsi
Etiketarik gabe, Izan zaitez lehena erregistro honi etiketa jartzen!
|
MARC
| LEADER | 00000nam a22000007a 4500 | ||
|---|---|---|---|
| 003 | 011923 | ||
| 005 | 20230816141359.0 | ||
| 008 | 150313b2014 cr a|||| |||| 00| 0 spa d | ||
| 040 | |c cru CEDI | ||
| 100 | |9 1083 |a Méndez Rodríguez, Christian, 1987- | ||
| 245 | |a Modelado del aerogenerador con máquina de inducción doblemente alimentada y su comportamiento dinámico en redes de distribución | ||
| 260 | |a [San José, Costa Rica] |c 2014 | ||
| 300 | |a xxxii, 343 hojas : ilustraciones (algunas a color). | ||
| 500 | |a Tesis (licenciatura en ingeniería eléctrica)--Universidad de Costa Rica. Facultad de Ingeniería. Escuela de Ingeniería Eléctrica | ||
| 501 | |a Director de Tesis de Graduación: Lic. Ismael López Jiménez | ||
| 650 | |x TURBINAS DE AIRE - DISEÑO Y CONSTRUCCION |x DINAMOS - DISEÑO Y CONSTRUCCION |x ENERGIA EOLICA - PRODUCCION |x MAQUINAS ELECTRICAS |x GENERACION DE ENERGIA |x DISTRIBUCION DE ENERGIA ELECTRICA |x SIMULINK |x SIMULACION POR COMPUTADORA |x MATLAB (PROGRAMAS PARA COMPUTADORA) |x TURBINAS DE AIRE |9 452 | ||
| 700 | |9 1084 |a Badilla Solórzano, Jorge Adrián, 1988- | ||
| 700 | |9 1085 |a López Jiménez, Ismael |d Director del TFG | ||
| 942 | |c CEDI |h TFG 7089 |6 TFG_7089_000000000000000 | ||
| 999 | |c 13696 |d 13696 | ||
